000
00337nam a2200145Ia 4500
008
220805s9999 xx 000 0 und d
041
_a
eng
082
_a
153
100
_a
Sharbuno, Jeanne
_9
88887
260
_a
Mumbai
_b
Jaico pub.
245
_a
52 ways to live Success
250
_a
1
300
_a
168
650
_a
live Success
_9
88888
999
_c
48915
_d
48915